000 00787nas a2200253Ia 4500
001 R703/49206
003 IT-RoPAU
008 151124c99999999xx |||||||||||| ||und||
040 _aIT-RoPAU
040 _cIT-RoPAU
041 _aFRANCESE
100 _aBenveniste Emile
_gCodice Aut. SPICS: 9326
210 _aSEMIOTICA
222 _aSemiotica
245 _aSEMIOTICA, VOL.01-N.2 (1969)
_bSemiologie De la Langue (2)
250 _a1a ed.
260 _aLA HAYE
_bMOUTON & CO
_c1969
501 _bPaulus - SPICS - Società San Paolo EM (non-commercial uses only)
_cCopyright2015
300 _a9 p. [127-135]
362 _aVOL.01, N.02 (1969)
500 _aSeconda Parte del Saggio Sulla Semiologia della Lingua.
650 _aSEMIOTICA
_vPUBBLICAZIONE PERIODICA
942 _cCR
999 _c181748
_d181748